Study of the effect of defferant fruit number per hill on fruit growth and yeild of watermelon ការសិក្សាពីឥទ្ធិពលនៃចំនួនគុម្ពទៅលើការលូតលាស់ផ្លែនិងទិន្នផលឪឡឹក (Record no. 538)
[ view plain ]
| 000 -LEADER | |
|---|---|
| fixed length control field | 00643nam a22001577a 4500 |
| 003 - CONTROL NUMBER IDENTIFIER | |
| control field | OSt |
| 005 - DATE AND TIME OF LATEST TRANSACTION | |
| control field | 20150916093103.0 |
| 008 - FIXED-LENGTH DATA ELEMENTS--GENERAL INFORMATION | |
| fixed length control field | 150916b xxu||||| |||| 00| 0 eng d |
| 040 ## - CATALOGING SOURCE | |
| Transcribing agency | RUA |
| 082 ## - DEWEY DECIMAL CLASSIFICATION NUMBER | |
| Classification number | AGR THO 2003 B028 Or.1 |
| 100 ## - MAIN ENTRY--PERSONAL NAME | |
| 9 (RLIN) | 561 |
| Personal name | THO, THIDA. |
| 245 ## - TITLE STATEMENT | |
| Title | Study of the effect of defferant fruit number per hill on fruit growth and yeild of watermelon ការសិក្សាពីឥទ្ធិពលនៃចំនួនគុម្ពទៅលើការលូតលាស់ផ្លែនិងទិន្នផលឪឡឹក |
| 260 ## - PUBLICATION, DISTRIBUTION, ETC. (IMPRINT) | |
| Place of publication, distribution, etc. | Phnom Penh |
| Name of publisher, distributor, etc. | RUA |
| Date of publication, distribution, etc. | 2003 |
| 300 ## - PHYSICAL DESCRIPTION | |
| Extent | 47p. |
| Other physical details | ill. |
| Dimensions | 29cm. |
| 942 ## - ADDED ENTRY ELEMENTS (KOHA) | |
| Source of classification or shelving scheme | |
| Koha item type | AGR |
| Price effective from | Date last seen | Permanent Location | Not for loan | Date acquired | Source of classification or shelving scheme | Koha item type | Lost status | Withdrawn status | Date last checked out | Total Checkouts | Shelving location | Damaged status | Barcode | Current Location | Full call number |
|---|---|---|---|---|---|---|---|---|---|---|---|---|---|---|---|
| 2015-09-16 | 2024-10-31 | Library Block B | 2015-09-16 | AGR | 2024-10-14 | 3 | B028 | RUA001385 | Library Block B | AGR THO 2003 B028 Or.1 | |||||
| 2015-09-16 | 2025-02-12 | Library Block B | 2015-09-16 | AGR | 2025-01-24 | 1 | B028 | RUA001093 | Library Block B | AGR THO 2003 B028 Or.2 | |||||
| 2015-09-16 | 2016-09-26 | Library Block B | 2015-09-16 | AGR | 2016-09-03 | 1 | B028 | RUA001457 | Library Block B | AGR THO 2003 B028 Or.3 | |||||
| 2015-09-16 | 2019-06-04 | Library Block B | 2015-09-16 | AGR | 2019-04-26 | 2 | B028 | RUA001313 | Library Block B | AGR THO 2003 B028 Or.4 | |||||
| 2015-09-16 | 2016-03-18 | Library Block B | 2015-09-16 | AGR | 2016-03-16 | 1 | B028 | RUA001241 | Library Block B | AGR THO 2003 B028 Or.5 | |||||
| 2015-09-29 | 2023-08-09 | Library Block B | 2015-09-29 | AGR | 2023-07-28 | 1 | B028 | RUA008284 | Library Block B | AGR THO 2003 B028 Or.6 |